<?xml version='1.0' encoding='UTF-8'?>
  <record xmlns="http://www.loc.gov/MARC21/slim">
    <leader>00000cam a22000007i 4500</leader>
    <controlfield tag="001">ocm66826180</controlfield>
    <controlfield tag="003">OCoLC</controlfield>
    <controlfield tag="005">20250131232403.4</controlfield>
    <controlfield tag="008">031214s1532    be            000 0 lat d</controlfield>
    <datafield tag="040" ind1=" " ind2=" ">
      <subfield code="a">NLGGC</subfield>
      <subfield code="b">eng</subfield>
      <subfield code="e">rda</subfield>
      <subfield code="e">dcrmr</subfield>
      <subfield code="c">NLGGC</subfield>
      <subfield code="d">OCLCL</subfield>
      <subfield code="d">QGJ</subfield>
      <subfield code="d">OCLCO</subfield>
      <subfield code="d">QGJ</subfield>
      <subfield code="d">OCLCF</subfield>
      <subfield code="d">OCLCO</subfield>
    </datafield>
    <datafield tag="029" ind1="0" ind2=" ">
      <subfield code="a">NLGGC</subfield>
      <subfield code="b">257754040</subfield>
    </datafield>
    <datafield tag="035" ind1=" " ind2=" ">
      <subfield code="a">(OCoLC)66826180</subfield>
    </datafield>
    <datafield tag="100" ind1="1" ind2=" ">
      <subfield code="a">Massa, Niccolò,</subfield>
      <subfield code="d">1489-1569,</subfield>
      <subfield code="e">author.</subfield>
      <subfield code="4">aut</subfield>
      <subfield code="1">https://id.oclc.org/worldcat/entity/E39PBJf4hmGDjXDY4ttjmcyPQq</subfield>
    </datafield>
    <datafield tag="240" ind1="1" ind2="0">
      <subfield code="a">De Morbo Gallico</subfield>
    </datafield>
    <datafield tag="245" ind1="1" ind2="0">
      <subfield code="a">Contenta. Nicolai Massae Veneti, artium &amp; Medicinae Doctoris, Liber de Morbo gallico, mira ingenij dexteritate conscriptus. Ioannis Almenar Valentini Hispani, Philosophi ac Medici, Liber perutilis, de Morbo Gallico VII. capitulis quicquid desideratur complectens. Nicolai Leoniceni Vincentini, fidissimi Galeni interpretis compendiosa eiusdem morbi cura. Angeli Bolognini medici eximij, Libellus de cura ulcerum exteriorum. Et de Vnguentis, in soluta continuitate, à modernis maxime usitatis, in quibus multa ad curam Morbi Gallici pertinentia, inferta sunt.</subfield>
    </datafield>
    <datafield tag="264" ind1=" " ind2="1">
      <subfield code="a">[Antwerp] :</subfield>
      <subfield code="b">[Johannes Grapheus],</subfield>
      <subfield code="c">[1532]</subfield>
    </datafield>
    <datafield tag="300" ind1=" " ind2=" ">
      <subfield code="a">208 unnumbered leaves ;</subfield>
      <subfield code="c">16 cm (8vo)</subfield>
    </datafield>
    <datafield tag="336" ind1=" " ind2=" ">
      <subfield code="a">text</subfield>
      <subfield code="b">txt</subfield>
      <subfield code="2">rdacontent</subfield>
    </datafield>
    <datafield tag="337" ind1=" " ind2=" ">
      <subfield code="a">unmediated</subfield>
      <subfield code="b">n</subfield>
      <subfield code="2">rdamedia</subfield>
    </datafield>
    <datafield tag="338" ind1=" " ind2=" ">
      <subfield code="a">volume</subfield>
      <subfield code="b">nc</subfield>
      <subfield code="2">rdacarrier</subfield>
    </datafield>
    <datafield tag="340" ind1=" " ind2=" ">
      <subfield code="m">8vo</subfield>
      <subfield code="2">rdabf</subfield>
    </datafield>
    <datafield tag="500" ind1=" " ind2=" ">
      <subfield code="a">Based on typographical evidence Rhodes identifies the publication place as being above the Alps.</subfield>
    </datafield>
    <datafield tag="500" ind1=" " ind2=" ">
      <subfield code="a">Place of publication and printer's name taken from Netherlandish books.</subfield>
    </datafield>
    <datafield tag="500" ind1=" " ind2=" ">
      <subfield code="a">Year of publication taken from colophon.</subfield>
    </datafield>
    <datafield tag="500" ind1=" " ind2=" ">
      <subfield code="a">Signatures: A-Z⁸ Aa-Cc⁸.</subfield>
    </datafield>
    <datafield tag="500" ind1=" " ind2=" ">
      <subfield code="a">Also contains works by Joannes Almenar Hispanus, Nicolaus Leonicenus Vicentinus, and Angelus Bologninus.</subfield>
    </datafield>
    <datafield tag="510" ind1="4" ind2=" ">
      <subfield code="a">Rhodes, D. E. Appunti bibliografici su Niccolò Massa,</subfield>
      <subfield code="c">p. 209-210</subfield>
      <subfield code="u">https://www.jstor.org/stable/26198954</subfield>
    </datafield>
    <datafield tag="510" ind1="4" ind2=" ">
      <subfield code="a">Netherlandish books (NB),</subfield>
      <subfield code="c">20696</subfield>
    </datafield>
    <datafield tag="510" ind1="4" ind2=" ">
      <subfield code="a">Universal short title catalogue,</subfield>
      <subfield code="c">410278</subfield>
      <subfield code="u">https://www.ustc.ac.uk/editions/410278</subfield>
    </datafield>
    <datafield tag="650" ind1=" " ind2="0">
      <subfield code="a">Sexually transmitted diseases</subfield>
      <subfield code="v">Early works to 1800.</subfield>
    </datafield>
    <datafield tag="650" ind1=" " ind2="0">
      <subfield code="a">Sexually transmitted diseases</subfield>
      <subfield code="x">Treatment</subfield>
      <subfield code="v">Early works to 1800.</subfield>
    </datafield>
    <datafield tag="650" ind1=" " ind2="0">
      <subfield code="a">Syphilis</subfield>
      <subfield code="v">Early works to 1800.</subfield>
    </datafield>
    <datafield tag="650" ind1=" " ind2="0">
      <subfield code="a">Ulcers</subfield>
      <subfield code="v">Early works to 1800.</subfield>
    </datafield>
    <datafield tag="650" ind1=" " ind2="0">
      <subfield code="a">Ointments</subfield>
      <subfield code="v">Early works to 1800.</subfield>
    </datafield>
    <datafield tag="650" ind1=" " ind2="0">
      <subfield code="a">Cautery</subfield>
      <subfield code="v">Early works to 1800.</subfield>
    </datafield>
    <datafield tag="650" ind1=" " ind2="6">
      <subfield code="a">Syphilis</subfield>
      <subfield code="v">Ouvrages avant 1800.</subfield>
    </datafield>
    <datafield tag="650" ind1=" " ind2="6">
      <subfield code="a">Pommades</subfield>
      <subfield code="v">Ouvrages avant 1800.</subfield>
    </datafield>
    <datafield tag="650" ind1=" " ind2="6">
      <subfield code="a">Cautères</subfield>
      <subfield code="v">Ouvrages avant 1800.</subfield>
    </datafield>
    <datafield tag="650" ind1=" " ind2="7">
      <subfield code="a">Cautery</subfield>
      <subfield code="2">fast</subfield>
    </datafield>
    <datafield tag="650" ind1=" " ind2="7">
      <subfield code="a">Ointments</subfield>
      <subfield code="2">fast</subfield>
    </datafield>
    <datafield tag="650" ind1=" " ind2="7">
      <subfield code="a">Sexually transmitted diseases</subfield>
      <subfield code="2">fast</subfield>
    </datafield>
    <datafield tag="650" ind1=" " ind2="7">
      <subfield code="a">Sexually transmitted diseases</subfield>
      <subfield code="x">Treatment</subfield>
      <subfield code="2">fast</subfield>
    </datafield>
    <datafield tag="650" ind1=" " ind2="7">
      <subfield code="a">Syphilis</subfield>
      <subfield code="2">fast</subfield>
    </datafield>
    <datafield tag="650" ind1=" " ind2="7">
      <subfield code="a">Ulcers</subfield>
      <subfield code="2">fast</subfield>
    </datafield>
    <datafield tag="655" ind1=" " ind2="7">
      <subfield code="a">Early works</subfield>
      <subfield code="2">fast</subfield>
    </datafield>
    <datafield tag="700" ind1="1" ind2="2">
      <subfield code="i">Container of (work):</subfield>
      <subfield code="a">Almenar, Juan de.</subfield>
      <subfield code="t">De morbo Gallico.</subfield>
    </datafield>
    <datafield tag="700" ind1="1" ind2="2">
      <subfield code="i">Container of (work):</subfield>
      <subfield code="a">Leoniceno, Niccolò,</subfield>
      <subfield code="d">1428-1524.</subfield>
      <subfield code="t">De morbo Gallico.</subfield>
    </datafield>
    <datafield tag="700" ind1="1" ind2="2">
      <subfield code="i">Container of (work):</subfield>
      <subfield code="a">Bolognini, Angelo.</subfield>
      <subfield code="t">Liber de cura ulcerum exteriorum.</subfield>
    </datafield>
    <datafield tag="700" ind1="1" ind2="2">
      <subfield code="i">Container of (work):</subfield>
      <subfield code="a">Bolognini, Angelo.</subfield>
      <subfield code="t">Liber de unguentis.</subfield>
    </datafield>
    <datafield tag="700" ind1="1" ind2=" ">
      <subfield code="3">Nicolai Leoniceni Vincentini in Librum de Epidemia</subfield>
      <subfield code="a">Pico della Mirandola, Giovanni Francesco,</subfield>
      <subfield code="d">1469 or 1470-1533,</subfield>
      <subfield code="e">dedicatee.</subfield>
      <subfield code="4">dte</subfield>
      <subfield code="1">https://id.oclc.org/worldcat/entity/E39PBJrmcyBQ8cwJ3bX7cKrKBP</subfield>
    </datafield>
    <datafield tag="700" ind1="1" ind2=" ">
      <subfield code="a">Grapheus, Johannes,</subfield>
      <subfield code="d">approximately 1502-1571?</subfield>
      <subfield code="e">printer.</subfield>
      <subfield code="4">prt</subfield>
      <subfield code="1">https://id.oclc.org/worldcat/entity/E39PBJyGRqCBJ7H7ptcBhCRxjC</subfield>
    </datafield>
    <datafield tag="740" ind1="0" ind2=" ">
      <subfield code="a">Libellus de morbo Gallico qui ita perfecte eradicare ipsum ostendit, ut nunquàm reuertatur nocumentum, in ore accidere non permittens, neque in lecto stare cogens cum explanatione arboris signorum aeditus per Ioannem Almenar Hispanum artium &amp; medicinae doctorem eximium.</subfield>
    </datafield>
    <datafield tag="740" ind1="0" ind2=" ">
      <subfield code="a">Nicolai Leoniceni Vincentini in Librum de Epidemia, quam Itali morbum gallicum vocant, ad Illustrem virum Ioannem Franciscum Mirandulensem Concordiae comitem, praefatio.</subfield>
    </datafield>
    <datafield tag="740" ind1="0" ind2=" ">
      <subfield code="a">Angeli Bolognini liber de cura Vlcerum exteriorum, duos babens tractatus, Primus est theorivae pars, quatuor babens capitula.</subfield>
    </datafield>
    <datafield tag="740" ind1="0" ind2=" ">
      <subfield code="a">Angeli Bolognini liber de vnguentis, quae communis habet vsus practicantium hodiernus in solutae continuitatis medela, septem habens capitula.</subfield>
    </datafield>
    <datafield tag="752" ind1=" " ind2=" ">
      <subfield code="a">Belgium</subfield>
      <subfield code="d">Antwerp,</subfield>
      <subfield code="e">publication place.</subfield>
      <subfield code="4">pup</subfield>
    </datafield>
    <datafield tag="758" ind1=" " ind2=" ">
      <subfield code="a">Contenta. Nicolai Massae ... Liber de morbo Gallico ... Joannis Almenar ... Liber perutilis, de morbo Gallico VII capitulis ... complectens. Nicolai Leoniceni ... sidissimi Galeni interpretis compendiosa ejusdem morbi cura. Angeli Bolognini ... Libellus de cura ulcerum exteriorum, et de unguentis (Text)</subfield>
      <subfield code="1">https://id.oclc.org/worldcat/entity/E39PCXqwPFbd6fVmXGw8fJPbBP</subfield>
      <subfield code="4">https://id.oclc.org/worldcat/ontology/hasWork</subfield>
    </datafield>
  </record>